[Event "PNWCC Masters 2020"]
[Site "chess.com INT"]
[Date "2020.05.24"]
[Round "4.13"]
[White "Leiva, Giuseppe"]
[Black "Beatrez, Patrick"]
[Result "0-1"]
[WhiteTitle "IM"]
[WhiteElo "2391"]
[BlackElo "1879"]
[WhiteFideId "3804399"]
[BlackFideId "30937167"]
[EventDate "2020.05.23"]

1. d4 Nf6 2. Nf3 c5 3. d5 e6 4. c4 exd5 5. cxd5 d6 6. Nc3 g6 7. g3 Bg7 8. Bg2
O-O 9. O-O Re8 10. Bf4 Bf5 11. Nh4 Bg4 12. h3 Nh5 13. hxg4 Nxf4 14. gxf4 Qxh4
15. e3 Nd7 16. Bf3 h5 17. g5 Ne5 18. Kg2 Nxf3 19. Qxf3 f5 20. gxf6 Qxf6 21. Ne4
Qe7 22. Ng5 Bxb2 23. Rab1 Bf6 24. Ne6 Kh8 25. Rh1 Rg8 26. Rh3 c4 27. Qe4 Rac8
28. Kf3 Qh7 29. Rb4 c3 30. Rh1 c2 31. Rc1 h4 32. Kg2 Qh5 33. Rc4 h3+ 34. Kh2
Rxc4 35. Qxc4 Qf3 36. Qf1 Rc8 37. Ng5 Qg2+ 38. Qxg2 hxg2 39. Nf7+ Kg8 40. Nxd6
Bb2 41. Nxc8 Bxc1 42. d6 Bd2 43. d7 g1=Q+ 44. Kxg1 c1=Q+ 45. Kg2 Qc6+ 0-1

[Event "PNWCC Masters 2020"]
[Site "chess.com INT"]
[Date "2020.05.24"]
[Round "4.14"]
[White "Wen, Teddie"]
[Black "Daggupati, Balaji"]
[Result "0-1"]
[BlackTitle "FM"]
[WhiteElo "2071"]
[BlackElo "2331"]
[WhiteFideId "30952247"]
[BlackFideId "2090759"]
[EventDate "2020.05.23"]

1. d4 d5 2. c4 c6 3. Nf3 e6 4. Nc3 dxc4 5. a4 Bb4 6. Bd2 a5 7. e4 b5 8. axb5
Bxc3 9. Bxc3 cxb5 10. b3 Nf6 11. bxc4 Nxe4 12. Bd2 bxc4 13. Bxc4 O-O 14. O-O Bb7
15. Bf4 Nd7 16. Qb3 Ra7 17. Rfb1 Ndf6 18. Nd2 Nd5 19. Bxd5 Bxd5 20. Qd3 Qf6 21.
Be3 Nd6 22. Ra3 h6 23. Rb6 Nf5 24. Rb5 Rfa8 25. f3 Qe7 26. Ra1 a4 27. Bf2 Nd6
28. Rc5 a3 29. Ne4 a2 30. Nc3 Qb7 31. Bg3 Qb2 32. Qd1 Nc4 33. Nxd5 exd5 34. Bf4
Rb7 0-1

[Event "PNWCC Masters 2020"]
[Site "chess.com INT"]
[Date "2020.05.24"]
[Round "4.15"]
[White "Chen, Ryo"]
[Black "Wang, Jason"]
[Result "0-1"]
[BlackTitle "FM"]
[WhiteElo "2085"]
[BlackElo "2312"]
[WhiteFideId "7003072"]
[BlackFideId "30908124"]
[EventDate "2020.05.23"]

1. e4 c5 2. Nf3 e6 3. d4 cxd4 4. Nxd4 a6 5. Nc3 b5 6. Bd3 Qb6 7. Nb3 Qc7 8. O-O
Bb7 9. Re1 Nc6 10. Bf1 d6 11. Bf4 Rd8 12. Bg3 Qb6 13. a4 b4 14. a5 Qa7 15. Na4
Nf6 16. Nb6 Be7 17. f3 O-O 18. Bf2 Qb8 19. Qe2 Nd7 20. Red1 Qc7 21. Nc4 Qb8 22.
f4 Nf6 23. Nb6 d5 24. exd5 exd5 25. Qf3 Rfe8 26. Bd3 Ne4 27. Nxd5 Nxf2 28. Nxe7+
Nxe7 29. Qxf2 Nd5 30. Re1 Nxf4 31. Bf1 Re6 32. Rxe6 Nxe6 33. Re1 Qd6 34. Qb6 Qd5
35. Re2 Rc8 36. Rd2 Qe4 37. Re2 Qd5 38. Qxb4 Ba8 39. Qg4 h5 40. Qg3 Qf5 41. Rf2
Qe4 42. Bd3 h4 43. Qh3 Qb4 44. Qf5 Qe1+ 45. Rf1 Qe3+ 46. Kh1 Rc7 47. Qh7+ Kf8
48. Qxh4 g5 49. Qh8+ Ke7 50. Qf6+ Kd6 51. Qf2 Qxf2 52. Rxf2 Nf4 53. Bf1 Re7 54.
Nd4 Re1 55. Nf3 Ra1 56. Kg1 f6 57. g3 Nh3+ 58. Kg2 Nxf2 59. Kxf2 Bxf3 0-1

[Event "PNWCC Masters 2020"]
[Site "chess.com INT"]
[Date "2020.05.24"]
[Round "4.16"]
[White "Park, Evan"]
[Black "Hevia Alejano, Carlos Antonio"]
[Result "0-1"]
[BlackTitle "GM"]
[WhiteElo "2146"]
[BlackElo "2467"]
[WhiteFideId "30931142"]
[BlackFideId "3508811"]
[EventDate "2020.05.23"]

1. e4 g6 2. d4 Bg7 3. Nf3 d6 4. Nc3 a6 5. a4 e6 6. Be3 b6 7. Bd3 Nd7 8. O-O Bb7
9. Qd2 Ne7 10. Ne2 Nf6 11. Ng3 Ng4 12. c3 Nxe3 13. Qxe3 O-O 14. Rfe1 c5 15. h4
cxd4 16. cxd4 Rc8 17. Rac1 Nc6 18. Bb1 b5 19. axb5 axb5 20. h5 Qb6 21. Rcd1 e5
22. d5 Qxe3 23. Rxe3 Na5 24. Ra3 Ra8 25. Rc1 b4 26. Rd3 Bh6 27. Re1 Rfc8 28.
hxg6 hxg6 29. Nf1 Ba6 30. Rdd1 Nc4 31. Re2 b3 32. Bd3 Bb5 33. Ne3 Nxe3 34. fxe3
Bd7 35. Rb1 Kg7 36. Nd2 Rab8 37. Kf2 f5 38. Ra1 Rc7 39. Ra6 f4 40. exf4 Bxf4 41.
Rxd6 Rf8 42. Nf3 g5 43. g3 Bc1 44. Kg2 Bg4 45. Rf2 Rcf7 46. Be2 Bxb2 47. Rf1
Bxf3+ 48. Rxf3 Bd4 49. Rxf7+ Rxf7 50. Bd3 g4 51. Rc6 Rf2+ 52. Kh1 b2 53. d6 Rd2
54. Rc7+ Kh6 55. Bb1 Rd1+ 56. Kh2 Rxb1 0-1

[Event "PNWCC Masters 2020"]
[Site "chess.com INT"]
[Date "2020.05.24"]
[Round "4.17"]
[White "Kondakov, Adrian"]
[Black "Nguyen, Duc Hoa"]
[Result "0-1"]
[WhiteTitle "CM"]
[BlackTitle "GM"]
[WhiteElo "1986"]
[BlackElo "2406"]
[WhiteFideId "30920302"]
[BlackFideId "12401358"]
[EventDate "2020.05.23"]

1. e4 c5 2. Nf3 e6 3. d4 cxd4 4. Nxd4 Nc6 5. Nc3 Qc7 6. f4 a6 7. Nxc6 bxc6 8.
Bd3 d5 9. O-O Nf6 10. Be3 Be7 11. Qf3 O-O 12. e5 Nd7 13. Bxh7+ Kxh7 14. Qh5+ Kg8
15. Rf3 f5 16. Rh3 Bc5 17. Qh7+ Kf7 18. Qh5+ Ke7 19. Qg5+ Ke8 20. Qg6+ Kd8 21.
Qg5+ Be7 22. Qxg7 c5 23. Rh7 Re8 24. Bf2 d4 25. Bh4 Bxh4 26. Rxh4 Qc6 27. Nd1
Bb7 28. Rh7 Kc7 29. Qg3 Rg8 30. Rg7 Rxg7 31. Qxg7 Rh8 32. Nf2 Rh4 33. Qg3 Rxf4
34. Re1 Kb6 35. Kf1 Re4 36. Nxe4 fxe4 37. h4 e3 38. Re2 Qe4 39. Kg1 Nxe5 40. h5
Qg4 41. Qxe5 Qxe2 42. Qd6+ Kb5 43. Qd7+ Bc6 44. a4+ Kb4 45. Qxc6 Qd1+ 46. Kh2
Qxh5+ 47. Kg1 Qd1+ 48. Kh2 Qxc2 49. Qb6+ Kc4 50. Qxa6+ Kb3 51. Qxe6+ Kxb2 52.
Qb6+ Kc1 53. a5 e2 54. Qe6 Kd1 55. Qg4 Qh7+ 56. Kg1 Qd3 57. Kh2 Kc2 58. Qe6 Kd1
59. Qg4 Kd2 60. Qg5+ Qe3 61. Qxc5 Qh6+ 0-1

[Event "PNWCC Masters 2020"]
[Site "chess.com INT"]
[Date "2020.05.24"]
[Round "4.18"]
[White "Kumar, Nikhil"]
[Black "Zheng, Michael"]
[Result "1-0"]
[WhiteTitle "FM"]
[WhiteElo "2328"]
[BlackElo "2050"]
[WhiteFideId "30909040"]
[BlackFideId "30930308"]
[EventDate "2020.05.23"]

1. d4 Nf6 2. c4 g6 3. Nc3 d5 4. Bf4 Bg7 5. e3 c5 6. dxc5 Qa5 7. Rc1 dxc4 8. Bxc4
O-O 9. Nf3 Qxc5 10. Bb3 Nc6 11. O-O Qa5 12. Qe2 e5 13. Bg3 Bf5 14. Rfd1 Rad8 15.
Bh4 e4 16. Ng5 h6 17. Nxf7 Rxf7 18. Nb5 Bg4 19. f3 exf3 20. gxf3 Bh5 21. Nd6 Ne5
22. Nxf7 Nxf7 23. Rxd8+ Qxd8 24. Bg3 Ne8 25. Qb5 Qe7 26. Rc8 Kf8 27. Ba4 Nd8 28.
Qxe8+ Qxe8 29. Bd6+ Qe7 30. Rxd8+ Kf7 31. Bxe7 Kxe7 32. Rd7+ Kf8 33. Rxb7 Bxf3
34. Rxa7 Bxb2 35. Bb3 Be4 36. a4 Be5 37. a5 h5 38. a6 Ke8 39. Ba4+ Kd8 40. Rd7+
Kc8 41. Re7 1-0

[Event "PNWCC Masters 2020"]
[Site "chess.com INT"]
[Date "2020.05.24"]
[Round "4.19"]
[White "Coleman, Teddy"]
[Black "Kumar, Naman"]
[Result "1/2-1/2"]
[WhiteTitle "IM"]
[WhiteElo "2333"]
[BlackElo "2115"]
[WhiteFideId "2022010"]
[BlackFideId "30908922"]
[EventDate "2020.05.23"]

1. c4 Nf6 2. Nc3 g6 3. d4 Bg7 4. e4 d6 5. Nge2 O-O 6. f3 Nbd7 7. Be3 c6 8. Qd2
a6 9. a4 Qa5 10. Rb1 c5 11. dxc5 dxc5 12. Nd5 Qxd2+ 13. Kxd2 e6 14. Nxf6+ Bxf6
15. Nc3 Rd8 16. Kc2 b6 17. Rd1 Bb7 18. Be2 Ne5 19. a5 bxa5 20. Bxc5 Rac8 21.
Rxd8+ Bxd8 22. Rd1 Bg5 23. Na4 Bc6 24. Nb6 Bxe4+ 25. fxe4 Rxc5 26. Nd7 Nxd7 27.
Rxd7 Kg7 28. Kd3 Bf6 29. Bg4 Rc6 30. b3 Rb6 31. Bd1 Be5 32. g3 Kf6 33. c5 Rb4
34. Bc2 h5 35. Ra7 Bd4 36. Rxa6 Bxc5 37. Rxa5 Bd6 38. Bd1 h4 39. gxh4 Bxh2 40.
h5 gxh5 41. Rxh5 Bd6 42. Ra5 Rb6 43. Ra7 Rb4 44. Bc2 Be5 45. Rd7 Kg6 46. Ke3 f5
47. exf5+ exf5 48. Rd5 Kf6 49. Ra5 f4+ 50. Kf3 Rb6 51. Kg4 Rc6 52. Be4 Rb6 53.
Bd5 Bc3 54. Rc5 Be5 55. Rc8 Rd6 56. Bc4 Rd1 57. Rc6+ Rd6 58. Rxd6+ Bxd6 59. Kf3
Ke5 60. Bg8 Kd4 61. Bf7 Kc3 62. Bg8 Bb4 63. Bf7 Bc5 64. Kxf4 Bb4 65. Bg8 Ba3 66.
Bf7 Bb4 67. Bg8 Ba3 68. Bf7 Bb4 1/2-1/2

[Event "PNWCC Masters 2020"]
[Site "chess.com INT"]
[Date "2020.05.24"]
[Round "4.20"]
[White "Zhang, Samuel"]
[Black "Tsay, Vincent"]
[Result "0-1"]
[BlackTitle "FM"]
[WhiteElo "2033"]
[BlackElo "2310"]
[WhiteFideId "30942993"]
[BlackFideId "30931835"]
[EventDate "2020.05.23"]

1. e4 e6 2. d4 d5 3. Nd2 c5 4. Ngf3 cxd4 5. exd5 Qxd5 6. Bc4 Qd6 7. O-O Nf6 8.
Nb3 Nc6 9. Nbxd4 Nxd4 10. Qxd4 Qxd4 11. Nxd4 Bc5 12. Nf3 a6 13. a3 b5 14. Ba2
Bb7 15. b4 Bxf3 16. gxf3 Bd4 17. Rb1 Rc8 18. Rd1 Ba7 19. Bb3 Ke7 20. Be3 Bxe3
21. fxe3 Rc3 22. Kf2 g5 23. Rd4 g4 24. Rbd1 Rg8 25. R1d3 Rxd3 26. Rxd3 Rg5 27.
f4 Rh5 28. Kg2 Rh3 29. c4 Nh5 30. Rd4 Rxe3 31. Bd1 f5 32. a4 Rd3 0-1

[Event "PNWCC Masters 2020"]
[Site "chess.com INT"]
[Date "2020.05.24"]
[Round "4.21"]
[White "Liang, Jason"]
[Black "Singh, Hersh"]
[Result "1-0"]
[WhiteTitle "FM"]
[WhiteElo "2340"]
[BlackElo "1906"]
[WhiteFideId "30940303"]
[BlackFideId "30918804"]
[EventDate "2020.05.23"]

1. e4 e5 2. Nf3 Nc6 3. Bb5 a6 4. Ba4 Nf6 5. d3 d6 6. c3 g6 7. O-O Bg7 8. Re1 O-O
9. Nbd2 Re8 10. Nf1 b5 11. Bc2 Nb8 12. a4 Bb7 13. Bg5 h6 14. Bh4 Nbd7 15. d4
exd4 16. cxd4 g5 17. Nxg5 hxg5 18. Bxg5 Qc8 19. Ng3 Nh7 20. Bh4 Ndf8 21. Qh5 Qe6
22. Nf5 Qg6 23. Qd1 Bf6 24. Ra3 Bxh4 25. Nxh4 Qf6 26. Rg3+ Kh8 27. Qh5 Qxd4 28.
Qxf7 Qf6 29. Rg8# 1-0

[Event "PNWCC Masters 2020"]
[Site "chess.com INT"]
[Date "2020.05.24"]
[Round "4.22"]
[White "Jiang, Brandon"]
[Black "Talukdar, Rohan"]
[Result "0-1"]
[BlackTitle "FM"]
[WhiteElo "1954"]
[BlackElo "2341"]
[WhiteFideId "30943582"]
[BlackFideId "2616378"]
[EventDate "2020.05.23"]

1. e4 c5 2. Nf3 d6 3. Bb5+ Nd7 4. c3 Nf6 5. Qe2 a6 6. Ba4 e5 7. d3 b5 8. Bb3 Be7
9. Nbd2 O-O 10. Nf1 Bb7 11. Ng3 d5 12. Bc2 Re8 13. O-O Bf8 14. a4 g6 15. Bd2 Qc7
16. h4 Rac8 17. axb5 axb5 18. h5 c4 19. hxg6 hxg6 20. Bg5 Bg7 21. dxc4 bxc4 22.
Ra7 Qb6 23. Rfa1 Nc5 24. Bxf6 Bxf6 25. exd5 Bxd5 26. Ne4 Nxe4 27. Bxe4 Be6 28.
Qc2 g5 29. Qc1 Qd8 30. Qe3 Kg7 31. Bc2 Rh8 32. Rd1 Qe8 33. Nxe5 Rh6 34. Nf3 Qh8
35. Kf1 Re8 36. Nxg5 Rh1+ 37. Ke2 Bg4+ 38. Kd2 Rxd1+ 39. Bxd1 Rxe3 40. Rxf7+ Kg6
41. Kxe3 Bxg5+ 0-1

[Event "PNWCC Masters 2020"]
[Site "chess.com INT"]
[Date "2020.05.24"]
[Round "4.23"]
[White "Zhou, Liran"]
[Black "Guha, Eshan"]
[Result "1/2-1/2"]
[WhiteTitle "FM"]
[WhiteElo "2351"]
[BlackElo "1866"]
[WhiteFideId "30931967"]
[BlackFideId "30958628"]
[EventDate "2020.05.23"]

1. e4 c5 2. Nf3 d6 3. d4 cxd4 4. Nxd4 Nf6 5. Nc3 a6 6. Bc4 e6 7. O-O Be7 8. a4
Nc6 9. Kh1 Qc7 10. Ba2 O-O 11. Be3 Nxd4 12. Bxd4 e5 13. Be3 Be6 14. Bg5 Ne8 15.
Be3 Nf6 16. Nd5 Nxd5 17. Bxd5 Rac8 18. c3 Rfd8 19. a5 Qd7 20. Bb6 Rf8 21. Qb3
Bxd5 22. Qxd5 Qc6 23. Rfd1 Bd8 24. Be3 Qxd5 25. Rxd5 Be7 26. f3 f5 27. exf5 Rxf5
28. Rc1 Rcf8 29. h3 Kf7 30. c4 Ke6 31. Rcd1 Rc8 32. b3 Rc6 33. R1d3 h5 34. Bd2
h4 35. Kg1 Rf8 36. Bb4 Rb8 37. Ba3 b6 38. Kf1 b5 39. cxb5 Rxb5 40. Rxb5 axb5 41.
Bb4 Bg5 42. Rd1 d5 43. Ra1 Ra6 44. Ke2 Bf6 45. Rc1 Kd7 46. Rc5 Be7 47. Rxb5 Kc6
48. Rb8 Bxb4 49. Rxb4 Rxa5 50. Rxh4 Ra2+ 51. Kf1 Ra1+ 52. Kf2 Ra2+ 53. Kg3 d4
54. Rh8 Kc7 55. Re8 Kd6 56. Rb8 Kc7 57. Re8 Kd6 58. Rd8+ Ke7 59. Rc8 Kd7 60. Rc4
Rb2 61. b4 Kd6 62. f4 exf4+ 63. Kxf4 Kd5 64. Rc5+ Kd6 65. Ke4 Rxb4 66. Rd5+ Ke6
67. Rxd4 Rb2 68. Kf3 Kf6 69. g3 Rb3+ 70. Kg4 g6 71. Rd6+ Kg7 72. Rd5 Kf6 73. Kh4
Rc3 74. g4 g5+ 75. Rxg5 Rxh3+ 76. Kxh3 Kxg5 77. Kg3 Kg6 78. Kf4 Kf6 79. g5+ 1/2-1/2

[Event "PNWCC Masters 2020"]
[Site "chess.com INT"]
[Date "2020.05.24"]
[Round "4.24"]
[White "Costello, Alexander"]
[Black "Nguyen, Thanh Thuy Tien"]
[Result "0-1"]
[WhiteTitle "IM"]
[BlackTitle "WIM"]
[WhiteElo "2258"]
[BlackElo "1971"]
[WhiteFideId "2099659"]
[BlackFideId "12400998"]
[EventDate "2020.05.23"]

1. Nf3 Nf6 2. c4 g6 3. Nc3 d5 4. cxd5 Nxd5 5. g3 Bg7 6. Bg2 O-O 7. d4 c5 8. O-O
cxd4 9. Nxd4 Nxc3 10. bxc3 Qc7 11. Qb3 a6 12. Rb1 e5 13. Nc2 Nc6 14. Ne3 Na5 15.
Qb4 Be6 16. Bd5 Bh3 17. Rd1 Rfd8 18. g4 Rd7 19. Qe4 Qd8 20. Bxf7+ Kxf7 21. Qf3+
Kg8 22. Rxd7 Qxd7 23. Qxh3 Rc8 24. Qf3 b5 25. Ba3 Nc4 26. Rd1 Qe6 27. Nxc4 Qxc4
28. Bb4 e4 29. Qe3 a5 30. Be7 Qe6 31. Bh4 Qxg4+ 32. Bg3 Bxc3 33. Rd5 b4 34. Rxa5
b3 35. Ra7 b2 36. Rb7 Qe6 37. Kg2 Qd5 38. Qa7 e3+ 39. f3 Bd4 40. Qa6 Qc4 41.
Qxc4+ Rxc4 42. Bd6 Rc1 43. Ba3 b1=Q 44. Rxb1 Rxb1 0-1

[Event "PNWCC Masters 2020"]
[Site "chess.com INT"]
[Date "2020.05.24"]
[Round "4.25"]
[White "Morefield, Jason"]
[Black "Padhye, Rohan"]
[Result "1-0"]
[WhiteTitle "FM"]
[WhiteElo "2227"]
[BlackElo "1716"]
[WhiteFideId "30920825"]
[BlackFideId "30946034"]
[EventDate "2020.05.23"]

1. d4 d5 2. c4 c6 3. Nf3 Nf6 4. e3 Bf5 5. Nc3 e6 6. Nh4 Be4 7. f3 Bg6 8. Qb3 Qc7
9. Bd2 Bd6 10. g3 Nbd7 11. Rc1 Bh5 12. cxd5 exd5 13. Nb5 Bxg3+ 14. Ke2 Qb6 15.
hxg3 Qxb5+ 16. Qxb5 cxb5 17. Bb4 a5 18. Bd6 Ne4 19. Nf5 Nxd6 20. Nxd6+ Ke7 21.
Nxb5 Bg6 22. Nc7 Rac8 23. Nxd5+ Kd6 24. Rxc8 Rxc8 25. Nc3 Nb6 26. Kd2 Nc4+ 27.
Bxc4 Rxc4 28. Rc1 Kd7 29. Nd5 Rxc1 30. Kxc1 f6 31. Kd2 Bf7 32. Nc3 Kc6 33. a3 h5
34. e4 Bc4 35. b4 axb4 36. axb4 g5 37. Ke3 Kd6 38. f4 Ke6 39. d5+ Kd6 40. Kd4
Bf1 41. e5+ fxe5+ 42. fxe5+ Ke7 43. d6+ Kd7 44. Ne4 h4 45. Nc5+ Kd8 46. Nxb7+
Kc8 47. Nc5 h3 48. e6 Bg2 49. Ke5 Kd8 50. e7+ Ke8 51. Kf6 Bc6 52. d7+ Bxd7 53.
Nxd7 h2 54. Ke6 h1=Q 55. Nf6# 1-0

[Event "PNWCC Masters 2020"]
[Site "chess.com INT"]
[Date "2020.05.24"]
[Round "4.26"]
[White "Eswaran, Ashritha"]
[Black "Wilson, Ronen"]
[Result "1-0"]
[WhiteTitle "WIM"]
[WhiteElo "2244"]
[BlackElo "1909"]
[WhiteFideId "2080788"]
[BlackFideId "30926173"]
[EventDate "2020.05.23"]

1. e4 c5 2. Nf3 d6 3. d4 cxd4 4. Nxd4 Nf6 5. Nc3 a6 6. Be3 Ng4 7. Bc1 Nf6 8. g3
b5 9. Bg2 Bb7 10. a4 b4 11. Nd5 Nxd5 12. exd5 e5 13. Nb3 a5 14. O-O g6 15. Bd2
Bg7 16. c3 bxc3 17. Bxc3 Qb6 18. Ra3 O-O 19. Qd2 Na6 20. Bxa5 Qa7 21. Bc3 Nc5
22. Nxc5 Qxc5 23. b4 Qc4 24. Rd1 Rfc8 25. Bf1 Qc7 26. b5 f5 27. a5 Rcb8 28. Rb3
e4 29. a6 Bxa6 30. b6 Qb7 31. Bxg7 Qxg7 32. Bxa6 Rxa6 33. Rdb1 Ra1 34. Qc2 Rxb1+
35. Rxb1 Qe7 36. Rb3 Rb7 37. Rc3 Qd7 38. Rc8+ Kf7 39. Rc7 Rxc7 40. Qxc7 Ke7 41.
Qa7 Kd8 42. b7 1-0

[Event "PNWCC Masters 2020"]
[Site "chess.com INT"]
[Date "2020.05.24"]
[Round "4.27"]
[White "Easton, Jack"]
[Black "Jiang, Leo"]
[Result "1-0"]
[WhiteElo "2175"]
[BlackElo "1592"]
[WhiteFideId "30900069"]
[BlackFideId "30952140"]
[EventDate "2020.05.23"]

1. d4 Nf6 2. c4 e6 3. Nc3 Bb4 4. Qc2 c5 5. dxc5 Na6 6. a3 Bxc5 7. Nf3 d5 8. Bg5
Be7 9. Rd1 Nc7 10. e3 h6 11. Bh4 O-O 12. Be2 b6 13. O-O Bb7 14. e4 Nxe4 15. Nxe4
Bxh4 16. Nxh4 Qxh4 17. Nd6 Ba6 18. cxd5 Bxe2 19. Qxe2 Nxd5 20. f4 Qe7 21. Rxd5
Rfd8 22. Rfd1 Qc7 23. R5d2 1-0

[Event "PNWCC Masters 2020"]
[Site "chess.com INT"]
[Date "2020.05.24"]
[Round "4.28"]
[White "Hu, Merric"]
[Black "Modi, Ethan"]
[Result "1-0"]
[WhiteElo "2080"]
[BlackElo "1786"]
[WhiteFideId "30906660"]
[BlackFideId "30960592"]
[EventDate "2020.05.23"]

1. e4 c5 2. Nf3 e6 3. d4 cxd4 4. Nxd4 a6 5. Nc3 Qc7 6. Be2 Nf6 7. O-O Be7 8. f4
d6 9. Bf3 O-O 10. a4 Nc6 11. Nxc6 bxc6 12. Kh1 Bb7 13. Qe1 c5 14. e5 Nd7 15.
exd6 Bxd6 16. Bxb7 Qxb7 17. Ne4 Be7 18. b3 Nf6 19. Nd2 Rac8 20. Nc4 Qe4 21. Qxe4
Nxe4 22. Bb2 Bf6 23. Bxf6 gxf6 24. Rae1 Nc3 25. f5 e5 26. Rf3 Nd5 27. Nd6 Rc6
28. Ne4 Ne7 29. Rd1 Rfc8 30. c4 Kf8 31. g4 Kg7 32. g5 Ng8 33. h4 h6 34. Rg1 hxg5
35. hxg5 Kf8 36. g6 fxg6 37. Rxg6 R8c7 38. Rd3 Ne7 39. Rxf6+ Rxf6 40. Nxf6 Nxf5
41. Rd5 Nd4 42. Nd7+ Kg8 43. Nxc5 Rh7+ 44. Kg2 Rg7+ 45. Kf2 Re7 46. Ke3 a5 47.
Rxe5 Rxe5+ 48. Kxd4 Re8 49. Nb7 Kf7 50. Nd6+ 1-0

[Event "PNWCC Masters 2020"]
[Site "chess.com INT"]
[Date "2020.05.24"]
[Round "4.29"]
[White "Zong, Davis"]
[Black "Tay, Brian"]
[Result "1-0"]
[WhiteElo "2129"]
[BlackElo "1898"]
[WhiteFideId "30903955"]
[BlackFideId "30941083"]
[EventDate "2020.05.23"]

1. d4 Nf6 2. c4 g6 3. Nc3 Bg7 4. e4 d6 5. Nf3 O-O 6. Be2 e5 7. O-O Nc6 8. d5 Ne7
9. b4 a5 10. Ba3 Nh5 11. c5 axb4 12. Bxb4 Nf4 13. cxd6 cxd6 14. Nb5 Ra6 15. Nd2
f5 16. f3 Bd7 17. Kh1 Nxe2 18. Qxe2 Rf6 19. a4 f4 20. Rfc1 g5 21. Nc7 Rxa4 22.
Rxa4 Bxa4 23. Ne6 Qb6 24. Qc4 g4 25. Qc7 Qxc7 26. Rxc7 Rf7 27. Bxd6 Ng6 28. Rc8+
Nf8 29. Nc4 Bd7 30. Rd8 b5 31. Na5 gxf3 32. gxf3 h6 33. Nxf8 Bxf8 34. Bxf8 Rxf8
35. Rxd7 1-0

[Event "PNWCC Masters 2020"]
[Site "chess.com INT"]
[Date "2020.05.24"]
[Round "4.30"]
[White "Li, Jason"]
[Black "Yan, Ruiyang"]
[Result "0-1"]
[BlackTitle "WCM"]
[WhiteElo "1843"]
[BlackElo "2093"]
[WhiteFideId "30909058"]
[BlackFideId "30919860"]
[EventDate "2020.05.23"]

1. e4 c5 2. Nf3 d6 3. c3 Nf6 4. Be2 e6 5. O-O Be7 6. Re1 O-O 7. Bf1 b6 8. d4 Bb7
9. Bd3 cxd4 10. cxd4 Nc6 11. Nc3 e5 12. dxe5 Nxe5 13. Nxe5 dxe5 14. Bg5 Qd4 15.
Qe2 Bb4 16. Nb5 Qd7 17. Red1 a6 18. a3 axb5 19. axb4 Rxa1 20. Rxa1 Qe6 21. f3
Qb3 22. Bxb5 Qxb4 23. Ra7 Bc8 24. Ra4 Qd6 25. Ra3 h6 26. Be3 Bd7 27. Bxd7 Nxd7
28. Rd3 Qc6 29. Qd2 Nc5 30. Rd5 Ne6 31. Rxe5 Ra8 32. Qc3 Ra1+ 33. Kf2 Qd6 34. f4
Qd1 35. f5 Qf1+ 36. Kg3 Nc5 37. Bxc5 bxc5 38. Rxc5 Qe2 39. Re5 Rd1 40. Rd5 Rf1
41. Qd3 Qf2+ 42. Kh3 Re1 43. Rd8+ Kh7 44. Qd5 Re3+ 45. Kg4 Qxg2+ 46. Kf4 Rf3+
47. Ke5 Qxh2+ 48. Kd4 Qxb2+ 49. Kc5 Qc2+ 50. Kb4 Qc3+ 51. Kb5 Rf2 52. Qc4 Rb2+
53. Kc5 Qa5+ 54. Kc6 Qxd8 55. Qxf7 Rb6+ 56. Kc5 Qd6+ 0-1

[Event "PNWCC Masters 2020"]
[Site "chess.com INT"]
[Date "2020.05.24"]
[Round "4.32"]
[White "Vega, Isaac"]
[Black "Eidelman, Gabriel"]
[Result "0-1"]
[WhiteElo "1735"]
[BlackElo "1988"]
[WhiteFideId "30914035"]
[BlackFideId "30910544"]
[EventDate "2020.05.23"]

1. e4 c5 2. Nc3 Nc6 3. f4 g6 4. Nf3 Bg7 5. Bb5 Nd4 6. O-O Nxb5 7. Nxb5 d5 8. e5
d4 9. c3 a6 10. Na3 d3 11. Ne1 Bf5 12. Nc4 b5 13. Ne3 Be4 14. b3 Nh6 15. a4 O-O
16. Ba3 Qc7 17. Nf3 f6 18. Qe1 Qc6 19. exf6 exf6 20. f5 Rfe8 21. Qf2 Rac8 22.
axb5 axb5 23. fxg6 hxg6 24. b4 c4 25. Nd4 Qb7 26. Bb2 Ra8 27. Ra5 Rxa5 28. bxa5
Ra8 29. Ra1 Ra6 30. Qf4 Nf7 31. Bc1 f5 32. g4 Be5 33. Qf2 f4 34. Ng2 Ng5 35. Kf1
Nh3 0-1

[Event "PNWCC Masters 2020"]
[Site "chess.com INT"]
[Date "2020.05.24"]
[Round "4.34"]
[White "Chang, Eddie"]
[Black "Lu, Jason"]
[Result "1-0"]
[WhiteElo "1667"]
[BlackElo "2024"]
[WhiteFideId "30960932"]
[BlackFideId "30938040"]
[EventDate "2020.05.23"]

1. d4 Nf6 2. c4 g6 3. Nc3 Bg7 4. e4 d6 5. Nge2 O-O 6. Ng3 e5 7. d5 a5 8. Be2 Na6
9. h4 h5 10. Bg5 Qe8 11. Qd2 Bd7 12. Nf1 Nh7 13. Bh6 Nc5 14. Ng3 Qe7 15. O-O-O
Bxh6 16. Qxh6 Qf6 17. Qe3 Qf4 18. Nf1 f5 19. exf5 Rxf5 20. f3 Re8 21. g3 Qxe3+
22. Nxe3 Rf7 23. b3 Kg7 24. Kb2 g5 25. hxg5 Nxg5 26. Rxh5 Nxf3 27. Rdh1 e4 28.
Rh7+ Kf8 29. Rxf7+ Kxf7 30. Rf1 Bh3 31. Bxf3 exf3 32. Rxf3+ Kg6 33. g4 Rh8 34.
Ncd1 Nd3+ 35. Kc3 Ne5 36. Rg3 Kg5 37. Nf2 Kf4 38. Rxh3 Rxh3 39. Nxh3+ Kxe3 40.
Ng5 Nxg4 41. Ne6 Nf6 42. Nxc7 Ne4+ 43. Kb2 Kd4 44. Ne6+ Ke5 45. Ka3 b6 46. Nf8
Kd4 47. Nd7 b5 48. cxb5 Kxd5 49. Ka4 Ke6 50. Nb6 Nc3+ 51. Kxa5 Nxa2 52. Nc4 Kd7
53. b6 d5 54. Ne5+ Kc8 55. Ka6 Nb4+ 56. Ka7 1-0

[Event "PNWCC Masters 2020"]
[Site "chess.com INT"]
[Date "2020.05.24"]
[Round "4.35"]
[White "Wen, Tommy"]
[Black "Samant, Neil"]
[Result "1-0"]
[WhiteElo "2014"]
[BlackElo "1764"]
[WhiteFideId "30952255"]
[BlackFideId "30951860"]
[EventDate "2020.05.23"]

1. e4 c5 2. Nf3 e6 3. d4 cxd4 4. Nxd4 Nf6 5. Nc3 Nc6 6. Ndb5 Bc5 7. Bf4 O-O 8.
Bd6 Qb6 9. Bxc5 Qxc5 10. Qd6 Qb6 11. Qc7 Qc5 12. O-O-O Ng4 13. Qf4 Nxf2 14. Na4
Qb4 15. Qxf2 Qxa4 16. a3 a6 17. Nd6 b5 18. h4 b4 19. Rh3 Rb8 20. h5 Qa5 21. Be2
Qb6 22. Qxb6 Rxb6 23. axb4 Nxb4 24. h6 g6 25. Ra3 Nc6 26. Nxc8 Rxc8 27. Rxd7 Ne5
28. Ra7 Rb4 29. Bxa6 Rd8 30. Bb7 Rbd4 31. Kb1 Nc4 32. Rc3 Nd2+ 33. Ka2 Nxe4 34.
Bxe4 Rxe4 35. Rcc7 Rf4 36. b4 Rf2 37. b5 Rb8 38. b6 Rf5 39. b7 Rb5 40. Rc8+ 1-0